000 00684nam a2200289Ia 4500
005 20260324143634.0
008 008 260324s9999 xx 000 0 eng d
020 _a9781315492094
037 _aEBOOK
040 _aCRL
040 _beng
040 _cCRL
041 _2eng
041 _aeng
084 _qCRL
100 _aKeith Forster
_91216389
245 0 _aRebellion and Factionalism in a Chinese Province
245 0 _bZhejiang, 1966-76
260 _bTaylor and Francis
260 _c1991
365 _a
365 _b290
856 _uhttp://www.taylorfrancis.com/books/9781315492094
942 _cEBOOK
999 _c1822003
_d1822003